01337nam a22002417a 4500003000400000005001700004008004100021020001800062040000800080082001100088100001900099245008000118250000900198260006200207650003000269942001200299952015300311952015300464952015300617952015300770952015300923999001901076OSt20250524144656.0250515b |||||||| |||| 00| 0 eng d a9789351524236 cddc a616.15 aNayak, Ramadas aEssentials in Hematology and Clinical PathologycRamadas Nayak; Sharada Rai a2nd. aNew DelhibCBS Publishers and Distributors Pvt. Ltdc2024 vPhysiotherapyxHematology cBK2ddc 00104070aNICHELIBbNICHELIBcGENd2025-05-15eMasters Books and Distributorsg1150.00l0o616.15 R4p84489r2025-05-15 15:43:06w2025-05-15yBKk 00104070aNICHELIBbNICHELIBcGENd2025-05-15eMasters Books and Distributorsg1150.00l0o616.15 R4p84490r2025-05-15 15:43:06w2025-05-15yBKk 00104070aNICHELIBbNICHELIBcGENd2025-05-15eMasters Books and Distributorsg1150.00l0o616.15 R4p84491r2025-05-15 15:43:06w2025-05-15yBKk 00104070aNICHELIBbNICHELIBcGENd2025-05-15eMasters Books and Distributorsg1150.00l0o616.15 R4p84492r2025-05-15 15:43:06w2025-05-15yBKk 00104070aNICHELIBbNICHELIBcGENd2025-05-15eMasters Books and Distributorsg1150.00l0o616.15 R4p84493r2025-05-15 15:43:06w2025-05-15yBKk c249136d249136